Guess The Novel Quiz Stats

 Plays Quiz not verified by Sporcle

Challenge
Share
Tweet
Embed
Score 0/188 Timer 15:00
0 Plays Today
% Correct
THE
98.9%
and
98.9%
the
98.9%
the
98.9%
and
98.9%
the
98.9%
the
98.9%
and
98.9%
the
98.9%
The
98.9%
and
98.9%
a
98.9%
a
98.9%
the
98.9%
the
98.9%
a
98.9%
the
98.9%
the
98.9%
he
84.9%
he
84.9%
He
84.9%
he
84.9%
he
84.9%
he
84.9%
he
84.9%
he
84.9%
he
84.9%
He
84.9%
he
84.9%
he
84.9%
He
84.9%
it
71.6%
it
71.6%
It
71.6%
it.
71.6%
it
71.6%
was
70.2%
was
70.2%
was
70.2%
was
70.2%
was
70.2%
IN
69.8%
No
69.8%
no
69.8%
no
69.8%
in
69.8%
in
69.8%
in
69.8%
on
68.4%
on
68.4%
of
66.7%
of
66.7%
of
66.7%
of
66.7%
of
66.7%
of
66.7%
of
66.7%
of
66.7%
When
62.8%
when
62.8%
not
62.1%
not
62.1%
for
57.9%
% Correct
for
57.9%
his
56.8%
his
56.8%
His
56.8%
his
56.8%
his
56.8%
his
56.8%
his
56.8%
they
54.4%
what
54.4%
could
54%
could
54%
could
54%
could,
54%
if
51.2%
one
51.2%
at
50.5%
at
50.5%
as
49.8%
as
49.8%
him.
49.8%
as
49.8%
as
49.8%
did
49.1%
did
49.1%
but
48.8%
but
48.8%
see
47.7%
from
47.7%
all
44.9%
all,
44.9%
had;
43.2%
up
43.2%
up
43.2%
had
43.2%
had
43.2%
like
40.4%
hear
39.6%
with
38.2%
any
36.5%
them
35.4%
DARK -
34.7%
dark
34.7%
down
34.7%
feel
33.3%
know
33%
just
31.9%
Just
31.9%
nothing,
29.5%
nothing,
29.5%
nothing
29.5%
nothing
29.5%
felt
29.5%
got
28.4%
hand
28.1%
good
26.7%
head
25.6%
been
25.3%
near
24.9%
Very
24.2%
cold
24.2%
way,
22.5%
put
22.1%
% Correct
about
21.4%
eyes,
20%
going
19.3%
far
18.6%
wall
17.5%
even
17.2%
except
16.5%
without
16.1%
anywhere
15.8%
seem
15.8%
opened
15.4%
touched
15.4%
well
15.4%
pocket
15.4%
floor.
15.1%
floor
15.1%
wondered
14.7%
fours,
14.7%
nor
14.7%
find
14.4%
Hobbit
13%
met
13%
slowly
12.3%
almost
12.3%
use
12.3%
moment.
12.3%
anything:
11.9%
ring
11.9%
ring
11.9%
neither
11.2%
crawled
11.2%
sign
10.9%
sign
10.9%
Bilbo
10.5%
along
10.5%
shut.
9.8%
thinking:
9.1%
fall.
8.1%
stone
7.4%
metal
7%
till
6.3%
tunnel;
6.3%
till
6.3%
lying
6.3%
tunnel.
6.3%
suddenly
5.3%
goblins,
4.9%
dwarves.
4.9%
- RIDDLES
4.2%
turning
4.2%
point
3.9%
direction
3.2%
tiny
3.2%
imagine
2.5%
certain
2.1%
groped
1.8%
guessed
1.8%
career,
1.8%
particular
1.8%
fright!
1.4%
swimming
1.4%
certainly
1.4%

You're not logged in!

Compare scores with friends on all Sporcle quizzes.
Join for Free
OR
Log In

You Might Also Like...

Show Comments

Extras

Created Jun 30, 2010ReportNominate
Tags:Author Quiz, Novel Quiz, chapter

Top Quizzes Today


Score Distribution

Your Account Isn't Verified!

In order to create a playlist on Sporcle, you need to verify the email address you used during registration. Go to your Sporcle Settings to finish the process.

Report this User

Report this user for behavior that violates our Community Guidelines.

Details: